Most Followed Instagram Accounts - Statistics

General Stats
  • This quiz has been taken 85 times
  • The average score is 5 of 10
Answer Stats
Hint Answer % Correct
648M Cristiano Ronaldo
91%
504M Leo Messi
85%
685M Instagram
67%
394M Kylie Jenner
60%
422M Selena Gomez
56%
358M Kim Kardashian
55%
376M Ariana Grande
39%
313M Beyoncé
39%
395M Dwayne Johnson
28%
304M Khloé Kardashian
16%
No matching quizzes found
Score Distribution
Percent of People with Each Score
Percentile by Number Answered
Your Score History
You have not taken this quiz